000 01290nam0a22002771 4500
001 rc\590581
005 20250621174543.0
035 _a(NLR Aleph) 005835810
090 _a5626855
_c5626855
100 _a20031121d1986 |||y0rusy50 ca
101 0 _arus
102 _aRU
105 _aa |||||||||
200 1 _aБиостратиграфия и брахиоподы нижнего карбона Верхоянья
_fОтв. ред. Д.Л. Степанов
_gАН СССР, Ин-т геологии Якут. фил. Сиб. отд-ния, Палеонтол. ин-т
210 _aМ.
_cНаука
_d1986
215 _a191, [2] с., [16] л. ил.
_cил.
_d24
320 _aБиблиогр.: с. 171-175
320 _aУказ. стратигр. подразделений, родов и видов брахиопод: с. 190-192
700 1 _aАбрамов
_bБ. С.
_cканд. геол.-минер. наук
_f1927-1999
_gБорис Степанович
_9188084
_3RU\NLR\AUTH\770188135
701 1 _aГригорьева
_bА. Д.
_cканд. биол. наук
_f1927- 1988
_gАлександра Дмитриевна
_9188087
_3RU\NLR\AUTH\770188138
801 0 _aRU
_bNLR
_gpsbo
801 1 _aRU
_bELAR
_2rusmarc
852 _aNLR
_j86-7/549
942 _cBOOK
980 _aNB